Systematic theology. (Record no. 1621)

000 -LEADER
fixed length control field 00794nam a2200241 a 4500
001 - CONTROL NUMBER
control field :::00017806$&:&@@
003 - CONTROL NUMBER IDENTIFIER
control field OkBaRHE
005 - DATE AND TIME OF LATEST TRANSACTION
control field 20100326171811.0
008 - FIXED-LENGTH DATA ELEMENTS--GENERAL INFORMATION
fixed length control field s1988 j 000 0 eng u
040 ## - CATALOGING SOURCE
Transcribing agency
100 1# - MAIN ENTRY--PERSONAL NAME
Personal name Walvoord, John F.
245 10 - TITLE STATEMENT
Title Systematic theology.
Statement of responsibility, etc John F. Walvoord, editor; Donald K. Campbell, Roy B. Zuck, consulting editors.
250 ## - EDITION STATEMENT
Edition statement Abridged editon.
260 ## - PUBLICATION, DISTRIBUTION, ETC. (IMPRINT)
Place of publication, distribution, etc Wheaton, IL., :
Name of publisher, distributor, etc Victor Books
Date of publication, distribution, etc 1988
300 ## - PHYSICAL DESCRIPTION
Extent v. (1-2) ;
Dimensions 23 cm.
650 ## - SUBJECT ADDED ENTRY--TOPICAL TERM
Topical term or geographic name as entry element Bible
General subdivision Theology
650 ## - SUBJECT ADDED ENTRY--TOPICAL TERM
Topical term or geographic name as entry element Theology, Doctrinal
700 ## - ADDED ENTRY--PERSONAL NAME
Personal name Campbell, Donald K.
700 ## - ADDED ENTRY--PERSONAL NAME
Personal name Chafer, Lewis Sperry, 1871-
700 ## - ADDED ENTRY--PERSONAL NAME
Personal name Zuck, Roy B.
942 ## - ADDED ENTRY ELEMENTS (KOHA)
Source of classification or shelving scheme
Koha item type Books
Copies
Koha item type Collection code Shelving location Price effective from Lost status Full call number Damaged status Date last seen Not for loan Permanent Location Source of classification or shelving scheme Barcode Date acquired Withdrawn status Copy number
BooksReferenceGeneral Stacks2010-04-14 BS 543 .W288 V.2 2018-02-16 RHEMA Bible Training College 178062010-04-14 1